000 00634nam a2200241 a 4500
001 0001-1348
003 ELIB.Books
008 150914 2010 eng
020 _a1562923765
035 _a(ELIB.Books)0001-1503
092 _a242
_bHB
100 _aHonor
245 _aGod's Little Devotional Book for Leaders/ for Dads/ for Teachers
260 _aOklahoma
_bHonor Books
_c1997
300 _a309
_c18.5 Cm
500 _aDr. Min Oo
650 _aDevotional
856 _nKBTS: Library
_uKBTS: Elib
942 _2ddc
_cBK
990 _a4
998 _cbat
_e2015-09-14
_mcat
_u2021-01-19
999 _c11348
_d11348